02024 a2200265 45000010006000000050017000060080041000230030015000640400040000790800031001192450059001500200022002092640036002313000026002675051139002930410008014329420007014405900036014471000020014837000019015037000018015228560098015409990015016389520105016536352220260407155933.0260407a2017 arg spa dAR-UNSa-BCEJYS aAR-UNSa-BCEJYSbspacAR-UNSa-BCEJYS a330xEconomía en general10aEconomíapEl primer curso inspirado en el mundo real a978-84-944880-3-0 1aBarcelona :bAntoni Boschc2017 axxxvi, 794 p.c28 cm. a1. Principios y práctica de la economía - 2. Métodos económicos y cuestiones de (...) - 3. Optimización: escoger lo mejor - 4. Demanda, oferta y equilibrio - 5. Consumidores e incentivos - 6. Vendedores e incentivos - 7: la competencia perfecta y la mano (...) - 8: El comercio - 9: Externalidades y bienes públicos - 10. El estado en la economía: impuestos y (...) - 11. Mercados de factores de producción - 12. Monopolios - 13. Teoría de juegos y cómo jugar estratégicamente - 14. Oligopolio y competencia monopolística - 15. Dilemas relacionados con el tiempo y el riesgo - 16. La economía de la información - 17. Subastas y negociaciones - 18. Economía social - 19. La riqueza de las naciones: los agregados macroeconómicos - 20. Rentas agregadas - 21. Crecimiento económico - 22. ¿Por qué el desarrollo no es igual en todo el mundo? - 23. Empleo y desempleo - 24. Mercados crediticios - 25. El sistema monetario - 26. Fluctuaciones a corto plazo - 27. Política macroeconómica anticíclica - 28. Macroeconomía y comercio internacional - 29. Macroeconomía de una economía abierta -  aspa cBK aniveau_biblio:m niveau_hierar:01 aAcemoglu, Daron1 aLaibson, David1 aList, John A.41uhttp://www.biblioeco.unsa.edu.ar/pmb/images/libros/L129402.jpgyImagen de portadaqimage/jpeg c8207d8207 00104070aBCEJYSbBCEJYSc16d2026-04-07l0o330 A173pL129402r2026-04-07 15:59:33w2026-04-07yL